João sem-medo (Registo nº 5941)
[ vista simples ]
| 000 -Etiqueta do registo | |
|---|---|
| Valores | 00818cam a2200253 04500 |
| 021 ## - Número do Depósito Legal | |
| Número | 22205/88 |
| 100 ## - Dados gerais de processamento | |
| Dados gerais | 20211231d1988 m||y0pory5003 ba |
| 200 1# - Titulo e menção de responsabilidade | |
| Título próprio | João sem-medo |
| Primeira menção de responsabilidade | il. José M. Lavarello |
| Outras menções de responsabilidade | adapt.à língua portuguesa por Isabel Patrícia e Martins da Rocha |
| -- | trad. Espiridia Viterbo |
| 210 #9 - Publicação | |
| Local de publicação | Porto |
| Nome do editor | Edinter |
| Data de publicação | 1988 |
| 215 ## - Descrição física | |
| Paginação / Volumes | [27] p. |
| Outras indicações físicas | muito il. |
| Dimensões | 20 cm |
| 225 2# - Colecção | |
| Título próprio da colecção | Contos de sempre |
| Indicação de volume | 4 |
| 606 ## - Nome comum usado como assunto | |
| ID Autoridade | 14 |
| Palavra de ordem | Literatura infantil |
| 606 ## - Nome comum usado como assunto | |
| ID Autoridade | 13 |
| Palavra de ordem | Literatura Estrangeira |
| 675 ## - CDU | |
| Notação | 82-93 |
| Edição | BN |
| Língua | por |
| 675 ## - CDU | |
| Notação | 821.1/.8 |
| Edição | BN |
| Língua | por |
| 702 ## - Autor secundário (pessoa individual) | |
| Apelido | Lavarello |
| Nome | José Mª |
| ID Autoridade | 4686 |
| 702 ## - Autor secundário (pessoa individual) | |
| Apelido | Patrícia |
| Nome | Isabel |
| ID Autoridade | 2613 |
| 702 ## - Autor secundário (pessoa individual) | |
| Apelido | Rocha |
| Nome | Martins da |
| ID Autoridade | 2518 |
| 702 ## - Autor secundário (pessoa individual) | |
| Apelido | Viterbo |
| Nome | Maria Espirídia |
| ID Autoridade | 5631 |
| 801 #0 - Fonte de origem | |
| País | PT |
| Agência | BMVN |
| Regras de catalogação | RPC |
| 830 ## - Notas gerais do catalogador | |
| Criado por | Ana Caetano |
| Data de criação | 31/12/2021 |
| 990 ## - Elementos KOHA | |
| Tipo de documento | Livro |
| Situação do levantamento | Biblioteca de origem | Código de barras | Cota | Permissão de empréstimo | Tipo de documento | Forma de aquisição |
|---|---|---|---|---|---|---|
| Biblioteca Municipal de Vendas Novas | 100000015126 | LI EST/JOA | Livro |